000 00681nam a2200289Ia 4500
005 20260324140128.0
008 008 260324s9999 xx 000 0 eng d
020 _a9781003557302
037 _aEBOOK
040 _aCRL
040 _beng
040 _cCRL
041 _2eng
041 _aeng
084 _qCRL
100 _aRowland J. Mainstone
_91203241
245 0 _aStructure in Architecture
245 0 _bHistory, Design and Innovation
260 _bTaylor and Francis
260 _c1999
365 _a
365 _b240
856 _uhttp://www.taylorfrancis.com/books/9781003557302
942 _cEBOOK
999 _c1804967
_d1804967